| 000 | 00423nam a2200157Ia 4500 | ||
|---|---|---|---|
| 008 | 240729s9999 xx 000 0 und d | ||
| 022 | _a1998-3603 | ||
| 245 | 0 | _aIndian Journal of Dental Research | |
| 260 | _aIndia | ||
| 260 | _bWolters Kluwer Medknow Publications | ||
| 650 | _a Dentistry | ||
| 650 | _aMedicine | ||
| 856 | _uhttps://doaj.org/toc/c0371c89e263463093ac0ed9ce40efa3 | ||
| 942 | _2ddc | ||
| 942 | _cDOAJEJ | ||
| 999 |
_c70187 _d70187 |
||
| 945 |
_a1 _bMadushi Gamage _c1 _dMadushi Gamage |
||